INCHIESTA (L') (Record n. 106299)
[ formato base ]
| 000 -LEADER | |
|---|---|
| fixed length control field | 01975agaaa2200325 4500 |
| 001 - CONTROL NUMBER | |
| control field | 8412 |
| 003 - CONTROL NUMBER IDENTIFIER | |
| control field | IT-RoPAU |
| 005 - DATE AND TIME OF LATEST TRANSACTION | |
| control field | 20220918181243.0 |
| 007 - PHYSICAL DESCRIPTION FIXED FIELD--GENERAL INFORMATION | |
| fixed length control field | d cvaizq |
| 008 - FIXED-LENGTH DATA ELEMENTS--GENERAL INFORMATION | |
| fixed length control field | 50131s9999||||xx ||| | || ||und|| |
| 040 ## - CATALOGING SOURCE | |
| Original cataloging agency | IT-RoPAU |
| Transcribing agency | IT-RoPAU |
| 041 ## - LANGUAGE CODE | |
| Language code of text/sound track or separate title | ITALIANO |
| 100 ## - MAIN ENTRY--PERSONAL NAME | |
| Personal name | Damiani Damiano |
| Miscellaneous information | Codice regista SPICS: 7592 |
| 9 (RLIN) | 41060 |
| 130 ## - MAIN ENTRY--UNIFORM TITLE | |
| Uniform title | INCHIESTA (L') |
| 9 (RLIN) | 46132 |
| 245 ## - TITLE STATEMENT | |
| Title | INCHIESTA (L') |
| Statement of responsibility, etc. | Prodotto da: Lucisano Fulvio -- Sceneggiatura: Damiani Damiano Bonicelli Vittorio -- Diretto da: Damiani Damiano |
| Name of part/section of a work | INCHIESTA (L') (Rif. Codice opera principale : 68412) |
| 250 ## - EDITION STATEMENT | |
| Edition statement | Edizione Standard |
| 260 ## - PUBLICATION, DISTRIBUTION, ETC. (IMPRINT) | |
| Place of publication, distribution, etc. | (ITALIA) |
| Name of publisher, distributor, etc. | ITALIAN INT. FILM - CLESI / Distribuzione: DOMOVIDEO |
| Date of manufacture | "1986 (1° ed.: 1988 ; Ed. Lingua Orig.: 1986)" |
| 300 ## - PHYSICAL DESCRIPTION | |
| Extent | VHS |
| Other physical details | sonoro, col. |
| Dimensions | 105 minuti |
| 508 ## - CREATION/PRODUCTION CREDITS NOTE | |
| Creation/production credits note | "Fotografia: Di Giacomo Franco; Montaggio: Meniconi Enzo; Musica: Ortolani Riz; Sceneggiatura: Damiani Damiano Bonicelli Vittorio; Scenografia: Fiorentini Enrico; Soggetto: Cecchi D'Amico Suso -- Flajano Ennio" |
| 511 ## - PARTICIPANT OR PERFORMER NOTE | |
| Participant or performer note | "Infanti Angelo; Sastri Lina; Forgeham John; Bartoli Luciano; Schumann Erik; Slowe G." |
| 520 ## - SUMMARY, ETC. | |
| Summary, etc. | UN FUNZIONARIO DELL'IMPERATORE VIENE INVIATO IN PALESTINA PER RISOLVERE ILMISTERO DELLA SPARIZIONE DEL CORPO DI CRISTO CHE HA UN EFFETTO DESTABILIZZANTE SULLA POPOLAZIONE CHE CREDE IN LUI RISORTO SI SCONTRA CON L'APERTA OSTILITA' DI PILATO E CON TUTTA UNA SERIE DI SEGNI CHE RENDONO QUEL MISTERO PER LUI UOMO DEL TUTTO RAZIONALE ANCORA PIU' FITTO E IRRISOLVIBILE FILM RELIGIOSO A COLORI |
| 538 ## - SYSTEM DETAILS NOTE | |
| System details note | PAL, STEREO |
| 546 ## - LANGUAGE NOTE | |
| Language note | ITALIANO |
| 650 ## - SUBJECT ADDED ENTRY--TOPICAL TERM | |
| Topical term or geographic name as entry element | RELIGIOSO |
| Relator term | FILMS [VHS] |
| General subdivision | Codice MATERIA SPICS: 9960 |
| 9 (RLIN) | 46133 |
| 700 ## - ADDED ENTRY--PERSONAL NAME | |
| Personal name | Cecchi D'Amico Suso |
| Relator term | (soggetto) |
| Miscellaneous information | Codice Soggetto SPICS: 7581 |
| 9 (RLIN) | 46134 |
| 700 ## - ADDED ENTRY--PERSONAL NAME | |
| Personal name | Damiani Damiano |
| Relator term | (regista) |
| Miscellaneous information | Codice regista SPICS: 7592 |
| 9 (RLIN) | 41060 |
| 700 ## - ADDED ENTRY--PERSONAL NAME | |
| Personal name | Flajano Ennio |
| Relator term | (soggetto) |
| Miscellaneous information | Codice Soggetto 2° SPICS: 6603 |
| 9 (RLIN) | 46135 |
| 700 ## - ADDED ENTRY--PERSONAL NAME | |
| Personal name | Ortolani Riz |
| Relator term | (musica) |
| Miscellaneous information | Codice Musica SPICS: 11049 |
| 9 (RLIN) | 46136 |
| 942 ## - ADDED ENTRY ELEMENTS (KOHA) | |
| Koha item type | VHS - VIDEO |
| Source of classification or shelving scheme | Dewey Decimal Classification |
| Withdrawn status | Lost status | Damaged status | Not for loan | Home library | Current library | Date acquired | Total Checkouts | Full call number | Date last seen | Price effective from | Koha item type | Public note |
|---|---|---|---|---|---|---|---|---|---|---|---|---|
| Buone Condizioni | Not For Loan | SPICS-MEDIATECA | SPICS-MEDIATECA | 31/01/2015 | 68412 | 31/01/2015 | 31/01/2015 | VHS - VIDEO | Progr. Ins.: 2368 / N.Vol.:1 / Copie: 1 / Pag.:0 / Copia rara: n.d. / date import: 1.2.2015 / By Epidotti, Trombetti, Vaglietti |